00701nam a2200181 a 4500003000200000005001700002008004100019050003500060100001800095245010600113260009400219300004000313504004100353650002600394650002900420650003800449650003200487020250224094043.0111114s19uu xx 00 eng d aPGS LB 1139.5.L35b.M663 2011  aMin, Ji Sook. aLevel of communication skills and interpersonal relationship of SISC grade 6 students /cJi Sook Min. aLas Piñas City, Philippines : bSouthville International School and Colleges, c2011. a21 pages :billustrations ;c28 cm. aIncludes bibliographical references. aCommunication skills. aInterpersonal relations. aSchool childrenvSocial behavior. aCommunication in education.